000 01279nam0a2200313 4500
001 RU\NLR\BIBL_A\012919244
005 20250715163452.0
035 _a(NLR Aleph) 012919244
090 _a13312380
_c13312380
100 _a20221024d1990 |||y0rusy50 ca
101 0 _atgk
102 _aTJ
105 _ayyyyz 000|y
181 1 _ai
_b e
182 1 _an
200 1 _aЧаҳор китоб
_fБо эҳтимом, охирсухан, тавзеҳ ва шарҳи луғоти Абдунабӣ Сатторзода
203 _aТекст
_bвизуальный
_cнепосредственный
210 _aДушанбе
_cАдиб
_d1990
215 _a92, [4] саҳ.
_d21 см.
300 _aЕсть дублет с инв. № 20716
320 _aЛуғатнома: с. 83-[93]
541 1 _a[Четверокнижие] / [Четыре книги]
_zrus
686 1 _aР60
702 1 _aТӯраҷонзода
_bҲ. А.
_cқозиюлқуззоти Тоҷикистон
_cАкбар Тӯраевич Қаҳҳоров
_f1954-
_gҲоҷӣ Акбар
_4080
702 1 _aСатторзода
_bА.
_cустоди Донишгоҳи Тоҷикистон
_f1941
_gАбдунабӣ
_4075
852 _aNLR
_bОНЛ
_jТадж./3-6390
942 _cBOOK
980 _aNB